000 01011cad a22002175a 4500
001 L153248
008 110630s2011 xxk f 000 0 eng d
035 _a(Sirsi) u153248
041 0 _aeng
050 0 4 _a306.1 $2 18
100 1 _aWhitehead, Christine
245 0 4 _aThe case for investing in London's affordable housing
_h[electronic resource]
260 _aLondon
_bLondon School of Economics
_c2011
520 _aConsiders reasons for attracting government investment in London's affordable housing sector. Housing needs, value for money, investment, rates of return are highlighted as the key factors for attracting government investment. Commissioned by G15 group of housing associations.
590 _aKA
651 4 _aLondon
690 _aPROPERTY-RESIDENTIAL PROPERTY-DOMESTIC RESIDENTIAL PROPERTY-HOUSING
700 1 _aTravers, Tony
856 4 0 _uhttps://www2.lse.ac.uk/geographyAndEnvironment/research/london/pdf/g15report.pdf
_zView the item free of charge at www2.lse.ac.uk
942 _n0
999 _c112433
_d112433